Introduction to Genetic Analysis (Record no. 16444)

000 -LEADER
fixed length control field 00576nam a22002177a 4500
003 - CONTROL NUMBER IDENTIFIER
control field ASAB
005 - DATE AND TIME OF LATEST TRANSACTION
control field 20170105103440.0
008 - FIXED-LENGTH DATA ELEMENTS--GENERAL INFORMATION
fixed length control field 120307t xxu||||| |||| 00| 0 eng d
020 ## - INTERNATIONAL STANDARD BOOK NUMBER
International Standard Book Number 9780716799023
040 ## - CATALOGING SOURCE
Original cataloging agency ASAB
Transcribing agency ASAB
050 ## - LIBRARY OF CONGRESS CALL NUMBER
Classification number 576.5
100 ## - MAIN ENTRY--PERSONAL NAME
Personal name Anthony J F .Griffiths
9 (RLIN) 45
245 ## - TITLE STATEMENT
Title Introduction to Genetic Analysis
Statement of responsibility, etc. Anthony J F .Griffiths
250 ## - EDITION STATEMENT
Edition statement 9 th
260 ## - PUBLICATION, DISTRIBUTION, ETC.
Place of publication, distribution, etc. New York
Name of publisher, distributor, etc. Freeman Company
300 ## - PHYSICAL DESCRIPTION
Extent 838 p.
440 ## - SERIES STATEMENT/ADDED ENTRY--TITLE
Title Introduction to Genetic Analysis
9 (RLIN) 46
600 ## - SUBJECT ADDED ENTRY--PERSONAL NAME
Personal name F. Griffths
9 (RLIN) 47
650 ## - SUBJECT ADDED ENTRY--TOPICAL TERM
Topical term or geographic name entry element Genetic
9 (RLIN) 48
942 ## - ADDED ENTRY ELEMENTS (KOHA)
Source of classification or shelving scheme
Koha item type Book
Call number prefix 576.5
Holdings
Withdrawn status Lost status Source of classification or shelving scheme Damaged status Not for loan Collection code Permanent Location Current Location Date acquired Total Checkouts Full call number Barcode Date last seen Price effective from Koha item type Copy number
            Atta-ur-Rahman School of Applied Biosciences (ASAB) Atta-ur-Rahman School of Applied Biosciences (ASAB) 05/12/2016   576.5 GRI ASAB938 05/12/2016 05/12/2016 Book  
            Atta-ur-Rahman School of Applied Biosciences (ASAB) Atta-ur-Rahman School of Applied Biosciences (ASAB) 05/02/2012   576.5 , GRI ASAB939 05/02/2012 05/02/2012 Book Photo Copy
            Atta-ur-Rahman School of Applied Biosciences (ASAB) Atta-ur-Rahman School of Applied Biosciences (ASAB) 05/02/2012   576.5 , GRI ASAB936 05/02/2012 05/02/2012 Book Photo Copy
            Atta-ur-Rahman School of Applied Biosciences (ASAB) Atta-ur-Rahman School of Applied Biosciences (ASAB) 05/02/2012   576.5 , GRI ASAB937 05/02/2012 05/02/2012 Book Photo Copy
            Atta-ur-Rahman School of Applied Biosciences (ASAB) Atta-ur-Rahman School of Applied Biosciences (ASAB) 05/02/2012   576.5 , GRI ASAB935 05/12/2016 05/02/2012 Book Photo Copy
            Atta-ur-Rahman School of Applied Biosciences (ASAB) Atta-ur-Rahman School of Applied Biosciences (ASAB) 03/07/2012   576.5 GRI ASAB486 12/03/2025 03/07/2012 Book original copy
© 2023 Central Library, National University of Sciences and Technology. All Rights Reserved.